Casablanca Trivia - Statistics

General Stats
  • This quiz has been taken 221 times
  • The average score is 10 of 25
Answer Stats
Hint Answer % Correct
The year Casablanca was released 1942
93%
Actor who played Rick Humphrey Bogart
92%
Actress who played Ilsa Ingrid Bergman
76%
Pianist and friend of Rick Sam
75%
The song he is forbidden to play As Time Goes By
60%
"Louie, I think this is the beginning..." of a beautiful friendship
60%
"Of all the __ ____ in all the towns, in all the world..." gin joints
59%
Rick's famous line to Ilsa Here's looking at you, kid
51%
Famous line that is never actually said in the film Play it again, Sam
50%
The reason given for closing "Rick's" gambling
45%
"The problems of three little people don't amount to..." a hill of beans
43%
Ilsa's husband Victor Laszlo
39%
Where the items are hidden piano
36%
A song that drowns out German singing La Marseillaise
35%
What the Chief of Police receives moments later winnings
34%
Two stolen items that set the plot in motion letters of transit
24%
The man who stole them Ugarte
20%
The local Chief of Police Captain Louis Renault
19%
Nazi who arrives in Casablanca Major Heinrich Strasser
19%
Owner of the "Blue Parrot" Signor Ferrari
17%
Friendly Russian barman Sascha
14%
Friendly German waiter Carl
11%
Where "the devil has the people by the throat" Bulgaria
9%
"Leibchen, sweetness heart..." what watch?
5%
How he describes the men he stole them from Poor devils
3%
No matching quizzes found
Score Distribution
Percent of People with Each Score
Percentile by Number Answered
Your Score History
You have not taken this quiz